000 00284nam a22001097a 4500
008 170112b xxu||||| |||| 00| 0 eng d
020 _a9781854570420
041 _aeng
080 _23RD
_a618.2
245 _aESSENTIAL MANAGEMENT OF OBSTETRIC EMERGENCIES
_cBASKETT, TH.F
942 _2udc
_cBK
999 _c2735
_d2735